[Event "Nuoro Olbia Oristano Province-ch"]
[Site "Siniscola"]
[Date "2015.02.14"]
[Round "4"]
[White "Sonis, Cesare"]
[Black "Marano, Daniele"]
[Result "0-1"]
[WhiteElo "1303"]
[BlackElo "1672"]
[PlyCount "86"]
[EventDate "2015.02.07"]
[EventType "swiss"]
[EventRounds "7"]
[EventCountry "ITA"]
[SourceTitle "EXT 2017"]
[Source "ChessBase"]
[SourceDate "2016.10.25"]
[SourceVersion "1"]
[SourceVersionDate "2016.10.25"]
[SourceQuality "1"]

1. d4 Nf6 2. e3 b6 3. c3 Bb7 4. Nf3 e6 5. Bd3 d5 6. 0-0 Bd6 7. Qe2 Nbd7 8. Nbd2 0-0 9. e4 dxe4 10. Nxe4 Nxe4 11. Bxe4 Bxe4 12. Qxe4 Nf6 13. Qh4 Nd5 14. Qg4 f5 15. Qg5 Qxg5 16. Bxg5 h6 17. Bd2 Rf6 18. Rae1 Rd8 19. Ne5 c5 20. Nc6 Rd7 21. Ne5 Rc7 22. Rc1 Ne7 23. f4 Rf8 24. g3 Rfc8 25. Kg2 cxd4 26. cxd4 Rc2 27. Rxc2 Rxc2 28. Rd1 Bxe5 29. fxe5 Nd5 30. Kf3 Rxb2 31. a4 g5 32. h3 Kf7 33. g4 Rb3+ 34. Kg2 Rd3 35. gxf5 Ne3+ 36. Bxe3 Rxd1 37. f6 Ra1 38. Kf3 Rxa4 39. h4 gxh4 40. Bxh6 h3 41. Bf4 Ra2 42. d5 h2 43. dxe6+ Kxe6 0-1